|
|
|
|
| LEADER |
00876nam a2200181Ia 4500 |
| 001 |
CTU_46989 |
| 008 |
210402s9999 xx 000 0 und d |
| 082 |
|
|
|a 005.437
|
| 082 |
|
|
|b Th308
|
| 100 |
|
|
|a Thiết bị ngoại vi và trình ứng dụng điều khiển trong Microsoft Windows 2000 professional
|
| 245 |
|
0 |
|a Thiết bị ngoại vi và trình ứng dụng điều khiển trong Microsoft Windows 2000 professional
|
| 245 |
|
0 |
|b Bộ công cụ cho người quản trị mạng
|
| 245 |
|
0 |
|c Thiết bị ngoại vi và trình ứng dụng điều khiển trong Microsoft Windows 2000 professional, VN-Guide
|
| 260 |
|
|
|a Hà Nội
|
| 260 |
|
|
|b Thống Kê
|
| 260 |
|
|
|c 2001
|
| 650 |
|
|
|a microsoft windows ( computer programs ),operating systems ( computers )
|
| 980 |
|
|
|a Trung tâm Học liệu Trường Đại học Cần Thơ
|